000 01004nam a22002657a 4500
999 _c63739
_d63739
005 20240530110656.0
008 171220s1987 tc bfk f bdc 001 0 ara d
020 _a9292633522
040 _aEG-CaGPL
082 0 4 _221
_a709.1/
_bأ ف
100 0 _aاوقطاي اصلان ابا
245 1 0 _aفنون الترك وعمائرهم /
_cاوقطاي اصلان ابا ؛ ترجمة احمد محمد عيسى .
250 _aط. 1
260 _aاستنبول :
_bمركز الابحاث للتاريخ والفنون والثقافة الاسلامية ،
_c1987
300 _a442 ص
_bايض ، خرائط ؛
_c30 سم .
504 _aببليوجرافية : ص 331 -375
650 0 7 _2qrmak
_aالفنون الاسلامية
650 0 7 _2qrmak
_aالفن التركي
650 0 7 _2qrmak
_aالمنمنمات
650 0 7 _2qrmak
_aالتصوير
650 0 7 _2qrmak
_aالخزف
650 0 7 _2qrmak
_aالمساجد
942 _2ddc
_cBK